000 00523nam a2200217Ia 4500
003 OSt
005 20220926042101.0
006 a|||||r|||| 00| 0
007 ta
008 220923b |||||||| |||| 00| 0 eng d
037 _cGeneral Book
040 _aRTL
_cRTL
_beng
041 _2eng
_aeng
082 _aY, J4
110 _aUNESCO
245 0 _aSociology, social psychology and anthropology
650 _aEssays Sociology
700 _aUNESCO
942 _hY, J4
_cGB
_2CC
999 _c668823
_d668823